|
|
|
|
| LEADER |
00000nam0a2200000 4500 |
| 001 |
34068 |
| 005 |
20231030223526.0 |
| 010 |
|
|
|a 5274000487
|
| 035 |
|
|
|a (RuTPU)RU\TPU\book\34445
|
| 035 |
|
|
|a BOOK00001096
|
| 090 |
|
|
|a 34068
|
| 100 |
|
|
|a 20011210d1988 km y0rusy50 ca
|
| 101 |
0 |
|
|a rus
|
| 102 |
|
|
|a RU
|
| 105 |
|
|
|a y g 000zy
|
| 200 |
1 |
|
|a Наладка и эксплуатация водяных тепловых сетей
|e справочник
|f В. И. Манюк, Я. И. Каплинский, Э. Б. Хиж, А. И. Манюк
|
| 205 |
|
|
|a 3-е изд., перераб. и доп.
|
| 210 |
|
|
|a Москва
|c Стройиздат
|d 1988
|
| 215 |
|
|
|a 432 с.
|
| 610 |
1 |
|
|a теплоэнергетические установки
|
| 610 |
1 |
|
|a монтаж
|
| 610 |
1 |
|
|a водяные тепловые сети
|
| 610 |
1 |
|
|a наладка
|
| 610 |
1 |
|
|a эксплуатация
|
| 610 |
1 |
|
|a справочники
|
| 675 |
|
|
|a 697.4(035)
|v 3
|
| 701 |
|
1 |
|a Манюк
|b В. И.
|g Владимир Иванович
|
| 701 |
|
1 |
|a Каплинский
|b Я. И.
|g Яков Ионович
|
| 701 |
|
1 |
|a Хиж
|b Э. Б.
|g Эдуард Бенцович
|
| 701 |
|
1 |
|a Манюк
|b А. И.
|g Александр Иванович
|
| 801 |
|
0 |
|a RU
|b 63413507
|c 20011210
|g PSBO
|
| 801 |
|
2 |
|a RU
|b 63413507
|c 20190122
|g PSBO
|
| 900 |
|
|
|a Монтаж теплоэнергетических установок
|
| 900 |
|
|
|a Источники и системы теплоснабжения промпредприятий
|
| 942 |
|
|
|c BK
|